000 01019nam a22003257a 4500
003 CHAP
005 20220329143845.0
008 120229s1995 us r 00010 eng d
010 _a102869
011 _a103841
020 _a9780471033783
035 _a114530
040 _cCHAP
082 0 4 _a629.8312
_bL58y
100 1 _aLewis, Frank L.
_966517
245 1 0 _aOptimal control
_c/ por Frank L. Lewis y Vassilis L. Syrmos
250 _a2 ed.
260 _aNew York, E.U.A. :
_bJohn Wiley,
_c1995
300 _axi, 541 p.
590 _aBATCH-UPD
_b10
_c20130110
_lUCH01
_h1945
590 _aBATCH-UPD
_b10
_c20130410
_lUCH01
_h1240
590 _aBATCH-UPD
_b10
_c20130914
_lUCH01
_h1044
590 _aCONVERSION
_b10
_c20130109
_lUCH01
_h1357
650 0 4 _aControl, teoría del.
_927607
650 0 4 _aOptimización matemática.
_983385
700 1 _aSyrmos, Vassilis L.
_9111158
901 _aBK
942 _cLIBRO
949 _a629.8312 L58y
_bBC
_cLIBRO
_d33724002321470
_eLIBRO
_gI.260174
_h116337
_i114530
_sb
_t2,497.5
999 _c102869
_d102869